Things that are Dutch - Statistics

General Stats
  • This quiz has been taken 55 times
  • The average score is 4 of 12
Answer Stats
Hint Answer % Correct
Splitting the bill on a date Going Dutch
74%
Schoolyard game Double Dutch
70%
Farting under the sheets Dutch oven
48%
Drinking before doing something scary Dutch courage
41%
Annoying relative Dutch uncle
33%
Americans with German ancestry Pennsylvania Dutch
33%
Going AWOL Dutch leave
24%
Sex doll Dutch wife
13%
Skimpy present Dutch treat
9%
Turbulence Dutch roll
7%
We probably won't remember in the morning Dutch agreement
2%
Can be opened twice Dutch door
2%
No matching quizzes found
Score Distribution
Percent of People with Each Score
Percentile by Number Answered
Your Score History
You have not taken this quiz